Autobiografia / (Record no. 1348)
[ view plain ]
| 000 -LÍDER | |
|---|---|
| Campo Fixo de Controle | 00975nam a2200277 a 4500 |
| 001 - NÚMERO DE CONTROLE | |
| Campo de Controle | 1348 |
| 003 - IDENTIFICAÇÃO DO NÚMERO DE CONTROLE | |
| Campo de Controle | BR-CuiBMT |
| 005 - DATA E HORA DA ÚLTIMA ATUALIZAÇÃO | |
| Campo de Controle | 20231205194311.0 |
| 008 - DADOS FIXOS | |
| Dados Fixos | 231201s2011 dfba 001 0 por d |
| 020 ## - INTERNATIONAL STANDARD BOOK NUMBER | |
| Nº do ISBN | 9788570183453 |
| 040 ## - AGÊNCIA CATALOGADORA | |
| Código da Agência Catalogadora | BR-CuiBMT |
| Agência que transcreveu o registro | BR-CuiBMT |
| 080 ## - Nº DA CLASSIFICAÇÃO DECIMAL UNIVERSAL | |
| Nº Class. CDU | 82-94 |
| Nº edição CDU | 2007 |
| 090 ## - NÚMERO DE CHAMADA | |
| Nº classificação | 82-94 |
| Cutter | M447a |
| 100 1# - ENTRADA PRINCIPAL -- AUTOR PESSOAL | |
| Nome pessoal | Mauá, Irineu Evangelista de Sousa, |
| Títulos e outras palavras associadas ao nome | Visconde de, |
| Datas associadas ao nome | 1813-1889. |
| 245 10 - TÍTULO PRINCIPAL | |
| Título principal | Autobiografia / |
| Indicação de responsabilidade | Visconde de Mauá; prefácio e anotações de Cláudio Ganns. |
| 260 ## - PUBLICAÇÃO, DISTRIBUIÇÃO, ETC. | |
| Local de publicação | Brasília : |
| Editora | Senado Federal : |
| -- | Conselho Editorial ; |
| Data | 2011. |
| 300 ## - DESCRIÇÃO FÍSICA | |
| N. páginas ou volumes | 334 p. : |
| Ilustrações | il. ; |
| Dimensões | 23 cm |
| 490 1# - INDICAÇÃO DE SÉRIE | |
| Título da série | Coleção edições do Senado Federal ; |
| Volume/designação sequencial da série | v. 148 |
| 504 ## - NOTA DE BIBLIOGRAFIA, ETC. | |
| Nota de bibliografia | Inclui bibliografia e índice. |
| 600 ## - ASSUNTO -- NOME PESSOAL | |
| Nome pessoal | Mauá, Irineu Evangelista de Sousa, |
| Títulos e outras palavras associadas ao nome | Visconde de, |
| Datas associadas ao nome | 1813-1889 |
| 650 ## - ASSUNTO TÓPICO | |
| Cabeçalho tópico ou nome geográfico | Empresário |
| Subdivisão geral | História |
| Subdivisão geográfica | Brasil |
| 650 ## - ASSUNTO TÓPICO | |
| Cabeçalho tópico ou nome geográfico | Industrial |
| Subdivisão geográfica | Brasil |
| 650 ## - ASSUNTO TÓPICO | |
| Cabeçalho tópico ou nome geográfico | Banqueiro |
| Subdivisão geral | História |
| Subdivisão geográfica | Brasil |
| 830 #0 - ENTRADA SECUNDÁRIA DE SÉRIE -- TÍTULO UNIFORME | |
| Título uniforme | Edições do Senado Federal ; |
| Nº do volume/designação sequencial da série | 148 |
| 942 ## - ELEMENTOS DE ENTRADA ADICIONAIS (KOHA) | |
| Fonte de classificação ou esquema de arquivamento | Classificação Decimal Universal |
| Tipo de item do Koha | Livros |
| Estado: removido | Estado: perdido | Fonte de classificação ou esquema de arquivamento | Estado: danificado | Indisponível para empréstimo | Localização permanente | Localização atual | Data de aquisição | Total Checkouts | Número de Chamada completo | Código de barras | Date last seen | Número do exemplar | Preço efetivo a partir de | Tipo de item (Koha) |
|---|---|---|---|---|---|---|---|---|---|---|---|---|---|---|
| Classificação Decimal Universal | Biblioteca da Escola Superior de Contas do TCE/MT | Biblioteca da Escola Superior de Contas do TCE/MT | 05/12/2023 | 82-94 M447a | BIBTCEMT23120222 | 05/12/2023 | Ex. 1 | 05/12/2023 | Livros |